000
00298nam a22001337a 4500
008
190304b xxu||||| |||| 00| 0 eng d
020
_a
9780070684690
041
_a
eng
080
_2
4th
_a
610
100
_a
4
101
_a
SHM
245
_a
The Common Symptom Guide
_c
Wasson,J
942
_2
udc
_c
BK
999
_c
54425
_d
54425